=LDR 00000nam 2200000 4500 =001 INLIS000000000038394 =005 20130612144050 =008 ***********************************Ind** =035 ##$$0010-061300000038394 =041 ##$$a Ind =082 ##$$a 639.3 =090 ##$$a 639.3, Kha i =100 ##$$a Khairuman =245 ##$$a Ikanbawang, Peluang usaha dan teknik budi daya intensif, Khairuman dan Khairuman Amri =260 ##$$a 2008 $b Jakarta =300 ##$$a viii, 88 hlm, Ilus, 21 cm =650 ##$$a Ikan Bawang - Budidaya =700 ##$$a Amri, Khairuman =850 ##$$a NBPNMAT